000 00495nam a2200181Ia 4500
001 23673
005 20260414150953.0
008 260414t2016||||xx |||||||||||||| ||spa||
041 _aESP
082 _a690.02
_bR24
100 _aRamos Salazar, Jesús
_eAUT
245 0 _aManual laboral de construcción civil :
_brégimen laboral, costos de mano de obra y productividad
260 _c2016
300 _a147 páginas :
_c24 cm.
650 _a0
654 _aCIC
942 _cLIB
_dJUS
_fJUS
_2ddc
_n
999 _c23673
_d23673